00251nam a22000977a 4500082001700000100002200017245007900039260001500118300000800133490001200141 a574.1929 KAR aKarunarathne,D.N. aThe Chemistry of Biomolecules :lipids,nucleic Acids vitamins and coenzymes bOUSLc2001 a105 aUnit II